000 00298nam a22001337a 4500
008 180920b xxu||||| |||| 00| 0 eng d
020 _a9780521397698
041 _aeng
080 _a321
100 _a21
101 _aPOL
245 _aIntellectual Development
_cSternberg,r,j
942 _2udc
_cBK
999 _c48135
_d48135